000
00248nam a2200097Ia 4500
005
20251222114401.0
008
251222s1900||||xx |||||||||||||| ||spa||
082
_a
DVD0120/P77/1786
245
0
_a
Le nozze di figaro: Wolfgang Amdeus Mozart:
942
_c
DVD
999
_c
1656
_d
1656